000 00770nam a2200205Ii 4500
003 JO-AjNU
008 230605s9999||||xx |||||||||||||| ||und||
040 _aJO-AjNU
_bara
_erda
_cJO-AjNU
041 _aara
050 1 4 _aQ127.I8.S4734 1982
100 3 _a تعريب جرادات، عزت ، صادق ابراهيم عودة ,
_eauthor
_940195
245 0 0 _aالعلم والتكنولوجيا والتنمية في الاقطار الاسلامية
250 _aط1
264 3 1 _aالاردن : د.م ، 1982
300 _a144ص
336 _atext
_btxt
_2rdacontent
337 _aunmediated
_bn
_2rdamedia
338 _avolume
_bnc
_2rdacarrier
650 4 _aالتكنولوجيا - البلاد الإسلامية - السياسة الاقتصادية
_940196
999 _aA17037
_c20605
_d20605